01002nam a2200241 a 450000100100000000500170001000800410002702000180006804000250008610000220011124500550013326000720018830000210026049000910028149000250037250400730039750400320047050000700050270000200057271000540059283000890064683000250073500004327320250909091242.0140303s2007 sp 000 0 spa d a9788483470718 aDO-SdBNPbspacBNPHU1 aGuillén, Arturo10aCelso Furtado /cArturo Guillén, Gregorio Vidal. aMadrid :bAgencia Española de Cooperación Internacional,c2007. a285 p. ;c24 cm.1 aAntología del pensamiento político, social y económico de América latina ;v231 aCiencias y humanismo aIncluye referencias bibliográficas y notas al pie de las páginas aBibliografía : p. 279-285 aIncluye datos biográficos del autor en al solapa de la cubierta1 aVidal, Gregorio2 aAgencia Española de Cooperación Internacional 0aAntología del pensamiento político, social y económico de América latinav23 0aCiencias y humanismo